000 00927nam a2200289 4500
001 0000021260
003 CO-CtgCURN
005 20250331191047.0
007 ta
008 160627s1998 000 0 eng d
020 _a958616392X
040 _aCO-CtgCURN
_bspa
_ccoctgcurn
082 0 _a923.4861
_bh662
100 1 _aOrtíz Cabrera, Juan Augusto.
245 1 0 _aEvocacion del maestro Ricardo Hinestroza Daza /
_ccompilador Juan Augusto Ortíz Cabrera.
260 _aBogotá :
_bU. Externado,
_c1998.
300 _a256 p.
336 _2rdacontent
337 _2rdamedia
_asin mediacion
_bn
338 _2rdacarrier
_avolumen
_bnc
500 _aIncluye bibliografias.
505 8 _aSemblanzas.--Antología de textos e intervenciones
650 1 4 _aHinestrosa Daza, Ricardo.
908 _a160627
942 _cBK
_h923.4861
_ih662
_2ddc
999 _c26041
_d26041